000
00318pam a2200133a 44500
008
230405s2022 xxu||||| |||| 00| 0 eng d
041
_a
ENG
100
_a
MS. MEGHA TIWARI
245
_a
PHARMACOLOGY ( MS. MEGHA TIWARI )
250
_a
1
260
_a
PUNE
_b
NIRALI PRAKASHAN
_c
2022
300
_a
13.3
906
_a
3072
999
_c
268511
_d
268511